000 00581nam a2200193Ia 4500
005 20250508154902.0
008 008 250505s9999 xx 000 0 eng d
037 _aTextual
040 _aFEDL
_beng
_cFEDL
041 _aeng
_2eng
084 _a370.973, STI
_qFEDL
100 _aStinnett T M
245 0 _aTurmoil in teaching : A history of the organizational struggle for America's teachers
260 _aNew York, USA
_bThe Macmillan Company
_c1968
300 _ax,406p
650 _aEducation
942 _cTEXL
_h370.973, STI
999 _c1352615
_d1352615